header

The cultures of Maimonideanism (Record no. 29748)

MARC details
000 -LEADER
fixed length control field 01563nam a2200361 a 4500
082 04 - DEWEY DECIMAL CLASSIFICATION NUMBER
Classification number 296.1/81
245 04 - TITLE STATEMENT
Title The cultures of Maimonideanism
260 ## - PUBLICATION, DISTRIBUTION, ETC. (IMPRINT)
Place of publication Leiden ;
-- Boston :
Name of publisher Brill,
Year of publication 2009.
300 ## - PHYSICAL DESCRIPTION
Number of Pages xii, 440 p.
490 1# - SERIES STATEMENT
Series statement Supplements to The journal of Jewish thought and philosophy,
650 #0 - SUBJECT ADDED ENTRY--TOPICAL TERM
Topical Term Jewish philosophy.
700 1# - ADDED ENTRY--PERSONAL NAME
Personal name Robinson, James T.,
856 40 - ELECTRONIC LOCATION AND ACCESS
Uniform Resource Identifier http://site.ebrary.com/lib/rucke/Doc?id=10349240

No items available.

© 2026 Rongo University
Contact us: librarian | system librarian | Rongo university